Normal view
MARC view
- Broderick,Stacia/Slinger,Michele
Entry Personal Name
001 - CONTROL NUMBER
- control field: 1421
003 - CONTROL NUMBER IDENTIFIER
- control field: JO-AjAnu
005 - DATE AND TIME OF LATEST TRANSACTION
- control field: 20230606070533.0
008 - FIXED-LENGTH DATA ELEMENTS
- fixed length control field: 230606|| aca||aabn | a|a d
040 ## - CATALOGING SOURCE
- Original cataloging agency: JO-AjAnu
- Transcribing agency: JO-AjAnu
100 ## - HEADING--PERSONAL NAME
- Personal name: Broderick,Stacia/Slinger,Michele
670 ## - SOURCE DATA FOUND
- Source citation: Work cat.: (JO-AjAnu)750: Broderick,Stacia/Slinger,Michele, author, The Software Project Managers Bridge to Agiliity